MARC

LEADER 00000nam0a2200000 4500
001 368222
005 20231102012049.0
035 |a (RuTPU)RU\TPU\retro\25585 
090 |a 368222 
100 |a 20220404d1979 k y0rusy50 ca 
101 0 |a rus 
102 |a TM 
105 |a a z 111zy 
200 1 |a Состояние и перспективы использования новых эффективных материалов и конструкций в сейсмостойком строительстве  |e материалы республиканской конференции молодых ученых, посвященной 60-летию ВЛКСМ  |f Академия наук Туркменской ССР, Институт сейсмостойкого строительства 
210 |a Ашхабад  |c Ылым  |d 1979 
215 |a 81 с.  |c ил. 
320 |a Библиография в конце статей 
606 1 |a Сейсмостойкое строительство  |2 stltpush  |3 (RuTPU)RU\TPU\subj\54400  |9 72557 
610 1 |a строительные материалы 
610 1 |a малоэтажные здания 
610 1 |a пенопласты 
610 1 |a фуриловая смола 
610 1 |a термогравиметрические исследования 
610 1 |a полимербетоны 
610 1 |a эмульсионные мастики 
610 1 |a монолитно-термоизолированные трубы 
610 1 |a теплопроводы 
610 1 |a бесканальная прокладка 
610 1 |a конференции 
675 |a 699.841(063)  |v 4 
712 0 2 |a Академия наук Туркменской ССР  |b Институт сейсмостойкого строительства  |c (Ашхабад)  |2 stltpush  |3 (RuTPU)RU\TPU\col\21493  |9 28034 
712 1 2 |a Состояние и перспективы использования новых эффективных материалов и конструкций в сейсмостойком строительстве  |c конференция  |e Ашхабад  |f 1978 
801 1 |a RU  |b 63413507  |c 20220404 
942 |c BK